Nalaganje...
Philosophy of religion: An Approach to World Religions;
| Glavni avtor: | |
|---|---|
| Format: | Printed Book |
| Izdano: |
Bangalore :
Sterling ,
1996.
|
| Teme: |
| LEADER | 00474cam a2200145ua 4500 | ||
|---|---|---|---|
| 020 | |a 81-207-0110-0 | ||
| 082 | 1 | 4 | |a 210 |b MOH-P |
| 100 | 1 | |a Mohapatra, A R . | |
| 245 | 1 | 0 | |a Philosophy of religion: |b An Approach to World Religions; |
| 260 | |a Bangalore : |b Sterling , |c 1996. | ||
| 300 | |a 200p. | ||
| 650 | 0 | |a Religion | |
| 942 | |c BK | ||
| 999 | |c 33485 |d 33485 | ||
| 952 | |0 0 |1 0 |4 0 |6 210_000000000000000_MOHP |7 0 |9 42913 |a KU |b KU |d 2015-07-05 |g 100.00 |l 1 |o 210 MOH-P |p AN00403 |r 2016-06-23 |s 2016-04-08 |y BK | ||